01324 2200241 4500001002100000005001500021035002000036007000300056008004100059020002200100082001200122084001800134100003400152245013100186250002100317260003800338300005400376500056100430700003000991700003501021600000901056990001701065INLIS00000000000212320250416094341 a0010-0425000059ta250416 c 0 ind  a978-602-255-974-0 a391.598 a391.598 FAT a0 aFathiharifah , S.Pd (Penulis)1 aAku Cinta Indonesia :bmengenal adat & budaya 34 provinsi /cFathiharifah , S.Pd ; penyunting , Latifah Edib, Mahadewa Adisena a-Cetakan Pertama aYogyakarta :bLaksana KIDZ,c2015 a111 hlm :bilus., bergambar, berwarna ;c27 cme- aIndonesia atau Nusantara terdiri dari 34 provinsi. Setiap provinsi memiliki budaya dan ciri khas masing-masing. Selain memiliki budaya dan adat istiadat yang berbeda, masing-masing provinsi pasti mempunyai dongeng yang dituturkan secara turun-temurun. Ada dongeng tentang terjadinya sebuah danau, legenda adanya ikan pesut di Sungai Mahakam, ada cerita tentang timun emas, dan masih banyak lagi dongeng menarik dalam buku ini. Sebagai rakyat Indonesia yang mencintai tanah air, kita harus tahu dan melestarikan cerita dongeng Nusantara. Selamat membaca!0 aLatifah Edib (Penyunting)0 aMahadewa Adisena( Penyunting ) 4aAdat a00041/R/2025